Petroleum Geology & Experiment

Sonraí bibleagrafaíochta
Formáid: Leictreonach IRIS
Teanga:English
Foilsithe / Cruthaithe: Geological Society of China
Rochtain ar líne:Full text available on Springer
Off-campus access
LEADER 00895cas a2200193 a 4500
001 AALejournalSpringer003356
008 230103c9999 xx r poo 0 0eng d
022 |a 2363-7625 
040 |a BD-DhAAL  |c BD-DhAAL 
245 0 0 |h [electronic resource]  |a Petroleum Geology & Experiment 
260 |b Geological Society of China 
300 |a 1 online resource 
362 0 |a Vol. 37, no. 1 
500 |a <strong>Off-Campus Access:</strong> Athens ID and Password Required 
500 |a <strong>On-Campus Access:</strong> No User ID or Password Required 
506 |a Electronic access restricted to authorized BRAC University faculty, staff and students 
538 |a Mode of access: Internet 
856 4 0 |z Full text available on Springer  |u https://link.springer.com/journal/40972 
856 4 0 |z Off-campus access  |u https://go.openathens.net/redirector/bracu.ac.bd?url=https%3A%2F%2Flink.springer.com%2Fjournal%2F40972